00700nam a2200241 a 4500001001300000003000900013005001700022008004100039020002300080082001700103100001300120245004100133260004400174300000900218500003500227505001000262650002300272700001300295902000800308942000700316952011800323999001700441nice12345678IN_TiNIC20260116014642.0080110s2007 dela grp 000 0 eng  a8180901475 c40000a294.513bLAL aLal, S K aRivers in Hindu Mythology and Ritual aDelhi bBharatiya Kala Prakashan c2007 a188p aincludes index and biblioraphy2 aindex aMythology-Hinduism1 aLal, S K bSRS cBK 001040708StackRoom-aHMIbHMId2008-01-10g400.00l0o294.513 LALp022245r2008-01-10v400.00w2008-01-10yBK c16368d16368